• 首页
  • 本馆介绍
  • 公告通知
  • 最新文献
  • 馆藏检索
  • 电子资源
  • 读者导购
  • 参考咨询
  • 我的图书馆
  • 登录
  • 详细信息显示
  • 放入我的书架
  • 预约/预借图书
  • 作者相关作品
  • 分类相关作品
  • 丛书相关作品
  • 出版社相关作品

书目信息

  • 表格格式
  • 工作单格式
  • 卡片格式
题名:
礼仪大全
    
 
作者: 蔡践编 主编
分册:  
出版信息: 北京   当代世界出版社  2007
页数: 383页
开本: 26cm
丛书名:
单 册:
中图分类: K891.26
科图分类:
主题词: 礼仪--基本知识 , 礼仪
电子资源:
ISBN: 978-7-5090-0195-0
000 01057nam0 2200265 450
000 01085nam0 2200265 450
000 01015nam0 2200241 450
000 00979nam0 2200229 45
005 20070518183819.67
010    @a978-7-5090-0195-0@dCNY42.00
100    @a20070313d2007 em yychiy0120 ea
101 0  @achi
102    @aCN@b110000
105    @ay z 000yy
200 1  @a礼仪大全@Ali yi da quan@e现代文明人必备的礼仪指南@e珍藏版 @f蔡践编著
210    @a北京@c当代世界出版社@d2007
215    @a383页@c图@d26cm
330    @a本书共分20章,分别讲述了仪态礼仪、服饰礼仪、社交礼仪、职场礼仪、家庭礼仪、餐饮礼仪、谈判礼仪、演讲礼仪、商务礼仪、爱情礼仪、舞会礼仪、节目风俗礼仪、国际礼仪、奥运礼仪等内容。编辑过程中,参考了国内外大量的礼仪资料,突出注重了全面性与新颖性,知识性与实用性的结合。
517 1  @a现代文明人必备的礼仪指南@Axian dai wen ming ren bi bei de li yi zhi nan
606 0  @a礼仪@x基本知识
606 0  @a礼仪
690    @aK891.26@v4
701  0 @a蔡践编@Acai jian@4主编
801  0 @aCN@bTAOJIN@c20070518
905    @a10447@dK891.26@e140
    
    礼仪大全:现代文明人必备的礼仪指南:珍藏版 /蔡践编著.-北京:当代世界出版社,2007
    383页:图;26cm
    
    
    ISBN 978-7-5090-0195-0:CNY42.00
    本书共分20章,分别讲述了仪态礼仪、服饰礼仪、社交礼仪、职场礼仪、家庭礼仪、餐饮礼仪、谈判礼仪、演讲礼仪、商务礼仪、爱情礼仪、舞会礼仪、节目风俗礼仪、国际礼仪、奥运礼仪等内容。编辑过程中,参考了国内外大量的礼仪资料,突出注重了全面性与新颖性,知识性与实用性的结合。
●
相关链接 在E读中查询图书 在五车中查询图书 在当当中查询图书 在豆瓣中查询图书


正题名:礼仪大全     索取号:K891.26/140         预约/预借

序号 登录号 条形码 馆藏地/架位号 状态 备注
1 0521918   205219182   第二样本阅览室/ [索取号:K891.26/140] 在馆    
2 0521919   205219191   第二借阅区/ [索取号:K891.26/140] 在馆    
3 0521920   205219208   第二借阅区/ [索取号:K891.26/140] 在馆    
4 0521921   205219217   第二借阅区/ [索取号:K891.26/140] 在馆    
5 0521922   205219226   第二借阅区/ [索取号:K891.26/140] 在馆    
唐山师范学院图书馆 欢迎您!
大连网信软件有限公司© 版权所有